Give the FULL name 2 - Statistics

General Stats
  • This quiz has been taken 10 times
  • The average score is 13 of 36
Answer Stats
"Fame Name" Original/Birth name % Correct
Tony Blair Anthony
100%
Blair
100%
Muhammad Ali Cassius
100%
Clay
100%
Dalí
100%
Salvador Dalí Salvador
100%
Jackie Chan Chan
88%
Jackie Kennedy Jacqueline
88%
Shyamalan
75%
Bouvier
63%
i
63%
Vladimir Lenin Vladimir
63%
Ilyich
50%
Junior
38%
Madeleine Albright Marie
38%
Woody Allen Allan
25%
Tina Turner Anna
13%
Felipe
13%
Kong
13%
Konigsberg
13%
Lee
13%
Mae
13%
(boxer) Marcellus
13%
Stewart
13%
Ulyanov
13%
Bullock
0%
Charles
0%
Domènech
0%
Domingo
0%
Jacinto
0%
Jana
0%
Korbelová
0%
Lynton
0%
M. Night Shyamalan Manoj
0%
Nelliyattu
0%
Sang
0%
No matching quizzes found
Score Distribution
Percent of People with Each Score
Percentile by Number Answered
Your Score History
You have not taken this quiz